• 首页
  • 本馆介绍
  • 公告通知
  • 最新文献
  • 馆藏检索
  • 电子资源
  • 读者导购
  • 参考咨询
  • 我的图书馆
  • 登录
  • 详细信息显示
  • 放入我的书架
  • 预约/预借图书
  • 作者相关作品
  • 分类相关作品
  • 丛书相关作品
  • 出版社相关作品

书目信息

  • 表格格式
  • 工作单格式
  • 卡片格式
题名:
生物化学工程基础
    
 
作者: 谢逢春 , 李再资 , 黄肖容 编著
分册:  
出版信息: 北京   化学工业出版社  2006
页数:
开本: 29cm
丛书名:
单 册:
中图分类: TQ033
科图分类:
主题词: 化学反应过程
电子资源:
ISBN: 7-5025-7358-5
000 00676nam0 2200217 450
001 0754114953
005 20070929150154.95
010    @a7-5025-7358-5
100    @a20070929d km y0chiy0120 ea
101 0  @achi
200 1  @a生物化学工程基础@Asheng wu hua xue gong cheng ji chu@f李再资,黄肖容,谢逢春 编著@Fli zai zi,huang xiao rong,xie feng chun bian zhu
205    @a2版
210    @a北京@c化学工业出版社@d2006
215    @c插图@d29cm
606 0  @a化学反应过程
690    @aTQ033@v3
701  0 @a谢逢春@Axie feng chun@4编著
701  0 @a李再资@Ali zai zi@4编著
701  0 @a黄肖容@Ahuang xiao rong@4编著
801  0 @aCN@bPFT@c20070929
905    @a213230@dTQ033@eh61=2@f1
    
    生物化学工程基础/李再资,黄肖容,谢逢春 编著.-2版.-北京:化学工业出版社,2006
    插图;29cm
    
    
    ISBN 7-5025-7358-5:
    
●
相关链接 在E读中查询图书 在五车中查询图书 在当当中查询图书 在豆瓣中查询图书


正题名:生物化学工程基础     索取号:TQ033/h61=2         预约/预借

序号 登录号 条形码 馆藏地/架位号 状态 备注
1 6002426   260024262   密集书库-化学系/ [索取号:TQ033/h61=2] 在馆    
唐山师范学院图书馆 欢迎您!
大连网信软件有限公司© 版权所有